000 00419nam a22001577a 4500
005 20170909113347.0
008 170909b xxu||||| |||| 00| 0 eng d
020 _a978-93-272-5192-0
041 _aeng
082 _a636.5
100 _aPRASAD, JAGDISH
_93911
245 _aPOULTRY :
_bProduction and Management
_cJAGDISH PRASAD
260 _aLUDHIYANA
_bKALYANI PUBLISHERS
_c2000
300 _a398p.index 6
942 _cBK
999 _c5551
_d5549